Conceptual Modeling - ER 2000 19th International Conference on Conceptual Modeling, Salt Lake City, Utah, USA, October 9-12, 2000 Proceedings /

Λεπτομέρειες βιβλιογραφικής εγγραφής
Συγγραφή απο Οργανισμό/Αρχή: SpringerLink (Online service)
Άλλοι συγγραφείς: Laender, Alberto H.F (Επιμελητής έκδοσης, http://id.loc.gov/vocabulary/relators/edt), Liddle, Stephen W. (Επιμελητής έκδοσης, http://id.loc.gov/vocabulary/relators/edt), Storey, Veda (Επιμελητής έκδοσης, http://id.loc.gov/vocabulary/relators/edt)
Μορφή: Ηλεκτρονική πηγή Ηλ. βιβλίο
Γλώσσα:English
Έκδοση: Berlin, Heidelberg : Springer Berlin Heidelberg : Imprint: Springer, 2000.
Έκδοση:1st ed. 2000.
Σειρά:Lecture Notes in Computer Science, 1920
Θέματα:
Διαθέσιμο Online:Full Text via HEAL-Link
LEADER 06286nam a2200601 4500
001 978-3-540-45393-2
003 DE-He213
005 20191024042551.0
007 cr nn 008mamaa
008 121227s2000 gw | s |||| 0|eng d
020 |a 9783540453932  |9 978-3-540-45393-2 
024 7 |a 10.1007/3-540-45393-8  |2 doi 
040 |d GrThAP 
050 4 |a TK5105.5-5105.9 
072 7 |a UKN  |2 bicssc 
072 7 |a COM075000  |2 bisacsh 
072 7 |a UKN  |2 thema 
082 0 4 |a 004.6  |2 23 
245 1 0 |a Conceptual Modeling - ER 2000  |h [electronic resource] :  |b 19th International Conference on Conceptual Modeling, Salt Lake City, Utah, USA, October 9-12, 2000 Proceedings /  |c edited by Alberto H.F. Laender, Stephen W. Liddle, Veda Storey. 
250 |a 1st ed. 2000. 
264 1 |a Berlin, Heidelberg :  |b Springer Berlin Heidelberg :  |b Imprint: Springer,  |c 2000. 
300 |a XIX, 589 p.  |b online resource. 
336 |a text  |b txt  |2 rdacontent 
337 |a computer  |b c  |2 rdamedia 
338 |a online resource  |b cr  |2 rdacarrier 
347 |a text file  |b PDF  |2 rda 
490 1 |a Lecture Notes in Computer Science,  |x 0302-9743 ;  |v 1920 
505 0 |a Invited Papers -- Data Warehouse Scenarios for Model Management -- Reflections on Computer Science and Information Systems Research -- From Entities and Relationships to Social Actors and Dependencies -- Database Integration -- A Pragmatic Method for the Integration of Higher-Order Entity-Relationship Schemata -- Explicit Modeling of the Semantics of Large Multi-layered Object-Oriented Databases -- Declarative Mediation in Distributed Systems -- Temporal and Active Database Modeling -- Temporal Constraints for Object Migration and Behavior Modeling Using Colored Petri Nets -- SQLST : A Spatio-Temporal Data Model and Query Language -- TBE: Trigger-By-Example -- Database and Data Warehouse Design Techniques -- Decomposition by Pivoting and Path Cardinality Constraints -- IS=DBS+Interaction: Towards Principles of Information System Design -- A Viewpoint-Based Framework for Discussing the Use of Multiple Modelling Representations -- Practical Approach to Selecting Data Warehouse Views Using Data Dependencies -- Database and Data Warehouse Design Techniques -- Semantic Analysis Patterns -- Tool Support for Reuse of Analysis Patterns - A Case Study -- Ontological Analysis of Taxonomic Relationships -- Web-Based Information Systems -- A Conceptual Model for the Web -- Adapting Materialized Views after Redefinition in Distributed Environments -- On Warehousing Historical Web Information -- Business Process Modeling -- On Business Process Model Transformations -- Towards Use Case and Conceptual Models through Business Modeling -- A Conceptual Modeling Framework for Multi-agent Information Systems -- Conceptual Modeling and XML -- Object Role Modelling and XML-Schema -- Constraints-Preserving Transformation from XML Document Type Definition to Relational Schema -- X-Ray - Towards Integrating XML and Relational Database Systems -- Engineering and Multimedia Application Modeling -- A Conceptual Model for Remote Data Acquisition Systems -- A Modeling Language for Design Processes in Chemical Engineering -- VideoGraph: A Graphical Object-Based Model for Representing and Querying Video Data -- Object-Oriented Modeling -- Object-Oriented Modelling in Practice: Class Model Perceptions in the ERM Context -- ROVER: A Framework for the Evolution of Relationships -- Improving the Reuse Possibilities of the Behavioral Aspects of Object-Oriented Domain Models -- Applying Object-Oriented Technology -- Algebraic Database Migration to Object Technology -- A Layered Software Specification Architecture -- A Reuse-Based Object-Oriented Framework Towards Easy Formulation of Complex Queries -- Quality in Conceptual Modeling -- Evaluating the Quality of Reference Models -- Measures for Assessing Dynamic Complexity Aspects of Object-Oriented Conceptual Schemes -- Measuring the Quality of Entity Relationship Diagrams -- Application Design Using UML -- Behavior Consistent Inheritance in UML -- The Viewpoint Abstraction in ObjectOriented Modeling and the UML -- XML Conceptual Modeling Using UML -- DAMA International Industrial Abstracts -- Metadata Engineering for Corporate Portals Using XML -- The Role of Information Resource Management in Managing a Corporate Portal -- The Five-Tier Five-Schema Concept -- Documenting Meta Data Transformations -- Advanced Data Model Patterns -- Information Quality at Every Stage of the Information Chain -- A Fact-Oriented Approach to Business Rules -- Personalized Digests of Sports Programs Using Intuitive Retrieval and Semantic Analysis. 
650 0 |a Computer communication systems. 
650 0 |a System theory. 
650 0 |a Computer science. 
650 0 |a Database management. 
650 0 |a Application software. 
650 0 |a Mathematical logic. 
650 1 4 |a Computer Communication Networks.  |0 http://scigraph.springernature.com/things/product-market-codes/I13022 
650 2 4 |a Systems Theory, Control.  |0 http://scigraph.springernature.com/things/product-market-codes/M13070 
650 2 4 |a Popular Computer Science.  |0 http://scigraph.springernature.com/things/product-market-codes/Q23000 
650 2 4 |a Database Management.  |0 http://scigraph.springernature.com/things/product-market-codes/I18024 
650 2 4 |a Information Systems Applications (incl. Internet).  |0 http://scigraph.springernature.com/things/product-market-codes/I18040 
650 2 4 |a Mathematical Logic and Formal Languages.  |0 http://scigraph.springernature.com/things/product-market-codes/I16048 
700 1 |a Laender, Alberto H.F.  |e editor.  |4 edt  |4 http://id.loc.gov/vocabulary/relators/edt 
700 1 |a Liddle, Stephen W.  |e editor.  |4 edt  |4 http://id.loc.gov/vocabulary/relators/edt 
700 1 |a Storey, Veda.  |e editor.  |4 edt  |4 http://id.loc.gov/vocabulary/relators/edt 
710 2 |a SpringerLink (Online service) 
773 0 |t Springer eBooks 
776 0 8 |i Printed edition:  |z 9783662192993 
776 0 8 |i Printed edition:  |z 9783540410720 
830 0 |a Lecture Notes in Computer Science,  |x 0302-9743 ;  |v 1920 
856 4 0 |u https://doi.org/10.1007/3-540-45393-8  |z Full Text via HEAL-Link 
912 |a ZDB-2-SCS 
912 |a ZDB-2-LNC 
912 |a ZDB-2-BAE 
950 |a Computer Science (Springer-11645)